000 00755cai a22001815a 4500
001 L145383
008 081002u xxkad g s 000 0 eng d
035 _a(Sirsi) u145383
041 0 _aeng
110 2 _aDeloitte & Touche
_93702
245 0 0 _aCentral Europe country reviews
_h[electronic resource]
520 _aThis section of the Deloitte website provides country snapshots which look briefly at the economic situation in each country and the companies that appear in the Deloitte Central Europe Top 500 ranking. Includes tables.
590 _aKA
651 4 _aEurope
690 _aPROPERTY-COMMERCIAL PROPERTY- COMMERCIAL PROPERTY MARKET
856 4 0 _uhttps://www.deloitte.com/
_zView the reports free of charge at www.deloitte.com...
942 _n0
999 _c120704
_d120704